Online Public Access Catalogue

Essential Surgery (Record no. 5956)

MARC details
000 -LEADER
fixed length control field 00379nam a2200145Ia 4500
082 ## - DEWEY DECIMAL CLASSIFICATION NUMBER
Classification number WO 141
Author Mark BUR
100 ## - MAIN ENTRY--PERSONAL NAME
Author Name Burkitt,George H.
245 #0 - TITLE STATEMENT
Title Essential Surgery
Statement of responsibility, etc. Burkitt,George H.
250 ## - EDITION STATEMENT
Edition statement 4th
260 ## - PUBLICATION, DISTRIBUTION, ETC.
Place of publication, distribution, etc. Edinburgh
Name of publisher, distributor, etc. Churchill Livingstone Elsevier
Date of publication, distribution, etc. 2007
300 ## - PHYSICAL DESCRIPTION
No of Pages 793
650 ## - SUBJECT ADDED ENTRY--TOPICAL TERM
Subject Surgery ,diagnosis
942 ## - ADDED ENTRY ELEMENTS (KOHA)
Koha item type Books
952 ## - LOCATION AND ITEM INFORMATION (KOHA)
-- 2018-03-16
Holdings
Withdrawn status Lost status Damaged status Not for loan Home library Current library Shelving location Date acquired Total Checkouts Full call number Barcode Checked out Date last seen Date last checked out Koha item type
        Islamabad Medical and Dental College Islamabad Medical and Dental College Islamabad Medical and Dental College 16/03/2018 1 WO 141 7708 13/04/2018 30/03/2018 30/03/2018 Books

Copyright @ IMDC Library
Islamabad Medical and Dental College
Bhara Kahu, Islamabad

  Contact the Librarian, IMDC
  Email:: library@imdcollege.edu.pk

  OPAC Customized by
  Mazhar Hussain,
  Librarian:
  Islamabad Medical and Dental College
  Email:: library@imdcollege.edu.pk